Jazykový rozbor pamiatky Inventarium rerum arcis arvensis z r. 1611 separát

Bibliographic Details
Main Author: Habovštiaková, Katarína, 1929-2016 (Author)
Format: Book
Language:Slovak
PhysicalDescription:S. 205-284 24 cm
Published: [Slovensko?] [vydavateľ niíe je známy] [1957]
Subjects:

MARC

LEADER 00000nam a2200000 a 4500
001 vtls011612138
003 SK-MaSNL
005 20260301221334.0
008 240313q1957 xo f n2 000 0 slo
020 |q (brožované) 
040 |a SNK  |b slo  |c SNK  |e AACR2 
041 0 |a slo 
044 |a xo  |c SK 
072 7 |a 81  |x Lingvistika. Jazyky  |2 konspekt 
080 |a 81  |2 2011 
080 |a 81'282  |2 2011 
080 |a 81'28  |2 2011 
080 |a 811.162.4  |2 2011 
080 |a (04)  |2 2011 
100 1 |a Habovštiaková, Katarína,  |d 1929-2016  |4 aut  |9 104315 
245 1 0 |a Jazykový rozbor pamiatky Inventarium rerum arcis arvensis z r. 1611  |b separát  |c Katarína Habovštiaková 
260 |a [Slovensko?]  |b [vydavateľ niíe je známy]  |c [1957] 
300 |a S. 205-284  |c 24 cm 
500 |a Separát z: Jazykovedné štúdie II, Slovenská akadémia vied, 1957 
504 |a Bibliogr. odkazy ; slovník 
650 0 7 |a jazykový rozbor  |2 SNKPH  |9 106243 
650 0 7 |a Language analysis  |2 SNKPHeng  |9 285646 
650 0 7 |a dialekty  |2 SNKPH  |9 19030 
650 0 7 |a Dialects  |2 SNKPHeng  |9 277811 
650 0 7 |a dialektológia  |2 SNKPH  |9 13485 
650 0 7 |a Dialectology  |2 SNKPHeng  |9 328052 
650 0 7 |a slovenčina  |2 SNKPH  |9 1350 
650 0 7 |a Slovak language  |2 SNKPHeng  |9 266031 
655 7 |a separáty  |2 SNKPH  |9 70334 
655 7 |a Offprints  |2 SNKPHeng  |9 332606 
958 |a OND 
958 |a TL 
958 |a NB 
999 |c 935473  |d 937403 
952 |a SNK  |b SNK  |y PREZ  |7 0  |p 17A1125449  |o snkSC 173337  |i snk2017/4504  |8 1  |0 0  |1 0  |4 0  |d 2017-02-17  |l 0  |r 2025-09-11 00:00:00  |w 2026-02-24